000 03148cam a22006137i 4500
001 674
003 MYCC
005 20260127123448.0
008 210727s2021 nyu b 001 0 eng d
010 _a 2021943914
020 _a9780316273992
_qpaperback
020 _a9780316273800
_qhardback
020 _a0316273805
_qhardback
035 _a22153122
035 _a(OCoLC)1259442014
040 _aCNWPU
_beng
_cCNWPU
_erda
_dCNNWP
_dOCO
_dYFL
_dZAC
_dDEW
_dYDX
_dBDX
_dYXF
_dOCLCF
_dLE@
_dCLU
_dBUF
_dGZN
_dJQW
_dUAP
_dOCLCO
_dDLC
_dMYCC
042 _alccopycat
050 0 0 _aQ335
_b.K565 2021
082 0 4 _a006.3
_223
100 1 _aKissinger, Henry,
_d1923-2023,
_eauthor.
245 1 4 _aTHE AGE OF AI :
_bAnd Our Human Future /
_cHenry A. Kissinger, Eric Schmidt, Daniel Huttenlocher ; with Schuyler Schouten.
246 3 _aAge of A.I.
246 3 _aAge of artificial intelligence
250 _aFirst edition.
264 1 _aNew York :
_bBack Bay Books,
_c2022.
264 4 _c©2021
300 _a266 pages ;
_c21 cm
336 _atext
_btxt
_2rdacontent
337 _aunmediated
_bn
_2rdamedia
338 _avolume
_bnc
_2rdacarrier
500 _a"Originally published in hardcover by Little, Brown and Company, November 2021" -- Title page verso.
500 _a"First Back Bay trade paperback edition, November 2022" -- Title page verso.
504 _aIncludes bibliographical references and index.
505 0 _aWhere we are -- How we got here: technology and human thought -- From Turing to today--and beyond -- Global network platforms -- Security and world order -- AI and human identity -- AI and the future -- Afterword: A New Reality
520 _a"Artificial Intelligence (AI) is transforming human society in fundamental and profound ways. Not since the Age of Reason have we changed how we approach security, economics, order, and even knowledge itself. In the Age of AI, three deep and accomplished thinkers come together to consider what AI will mean for us all"
_cBook jacket.
650 0 _aArtificial intelligence.
650 0 _aSocial change.
650 0 _aTechnology
_xSocial aspects.
650 0 _aArtificial intelligence
_xPhilosophy.
650 0 _aArtificial intelligence
_xSocial aspects.
650 0 _aArtificial intelligence
_xForecasting.
650 7 _aArtificial intelligence.
_2fast
_0(OCoLC)fst00817247
650 7 _aArtificial intelligence
_xForecasting.
_2fast
_0(OCoLC)fst01983695
650 7 _aArtificial intelligence
_xPhilosophy.
_2fast
_0(OCoLC)fst00817276
650 7 _aArtificial intelligence
_xSocial aspects.
_2fast
_0(OCoLC)fst00817279
650 7 _aSocial change.
_2fast
_0(OCoLC)fst01122310
650 7 _aTechnology
_xSocial aspects.
_2fast
_0(OCoLC)fst01145202
700 1 _aSchmidt, Eric,
_d1955 April 27-
_eauthor.
700 1 _aHuttenlocher, Daniel P.,
_eauthor.
700 1 _aSchouten, Schuyler,
_econtributor.
906 _a7
_bcbc
_ccopycat
_d2
_encip
_f20
_gy-gencatlg
942 _2ddc
_cBK
999 _c674
_d674